000 00332pab a2200145 454500
008 180718b1991 xxu||||| |||| 00| 0 eng d
100 _aDua, M.R.
245 _aThe press as mediator between state and society
260 _c1991
300 _a23-4
362 _aMar.-Apr.
650 _aPress
773 _aVidura
909 _a15995
999 _c15995
_d15995